Control of patch canker disease on Hevea brasiliensis (Record no. 56309)

MARC details
000 -LEADER
fixed length control field 00956nam a2200181Ia 4500
100 ## - MAIN ENTRY--AUTHOR NAME
Personal name Mushrif S K
245 #0 - TITLE STATEMENT
Title Control of patch canker disease on Hevea brasiliensis
260 ## - PUBLICATION, DISTRIBUTION, ETC. (IMPRINT)
Name of publisher Natural Rubber Research
Year of publication 2005
300 ## - PHYSICAL DESCRIPTION
Number of Pages 149-153
520 ## - SUMMARY, ETC.
Summary, etc Five systemic and contact fungicides incorporated in a petroleum wound dressing compound were evaluated for the control of patch canker disease caused by Phytophthora spp. in the Hevea brasiliensis clone PB 260 in comparison with bordeaux paste. Among them, mancozeb, metalaxyl + mancozeb, phosphorous acid and thiophosphate were found to be effective. However, considering consistency of disease control and the cost of treatments mancozeb is the fungicide of choice for the control of the disease.
650 ## - SUBJECT ADDED ENTRY--TOPICAL TERM
Topical Term Disease control
650 ## - SUBJECT ADDED ENTRY--TOPICAL TERM
Topical Term Patch canker
650 ## - SUBJECT ADDED ENTRY--TOPICAL TERM
Topical Term Phytophthora spp
700 ## - ADDED ENTRY--PERSONAL NAME
Personal name Jacob C K
700 ## - ADDED ENTRY--PERSONAL NAME
Personal name Prem E E
942 ## - ADDED ENTRY ELEMENTS (KOHA)
Koha item type Journals
Holdings
Withdrawn status Lost status Damaged status Not for loan Home library Current library Shelving location Date acquired Serial Enumeration / chronology Koha item type
      Journals RRII Library RRII Library Mycology 20/09/2006 Volume 18, Issue 2 Journals